000
00255nam a2200097Ia 4500
001
777368
005
20250826165905.0
008
250824s9999 xx 000 0 und d
245
0
_a
SAHNENİN DIŞINDAKİLER
_c
AHMET HAMDİ TANPINAR
260
_b
DERGAH YAYINLARI
999
_c
777368
_d
777368